00889nam a22002297a 450000500170000001000130001702000270003003500130005703700160007004000120008608200160009824501440011426000540025827000390031230000240035165000440037565000320041970000300045194200250048199900190050695201340052520170124105915.0 aB-168451 a9781591580928c1100.00 aB-168451 bCen Lib/Ret aDPLbEN a025.02bINN aInnovative redesign and reorganisation of library technical sevices :bpaths for the future and case studies /cedited by Bradford Lee Eden aWestport, ConnecticutbLibraries Unlimited c2005 a88 Post Road West,WestportbLondon axi,480p.c23cm(pbk) aTechnical serviceszUnited States92360 aAcademic Libraries-US92361 aEden, Bradford Lee 92364 2ddccENh025.02mINN c122799d122799 001040718REFaLbLd2015-05-30eCen Lib/Retg1100.00l0o025.02 INNpB-168451r2015-05-30 00:00:00t1v1100.00w2015-05-30yEN